000
00262nam a2200097Ia 4500
001
683429
005
20250826161438.0
008
250824s9999 xx 000 0 und d
245
0
_a
GÖNÜL KİMİ SEVERSE GÜZEL ODUR
_c
FATMA BURÇAK
260
_b
CARPE DİEM YAYINLARI
999
_c
683429
_d
683429